| 000 | 00646nam a22001817a 4500 | ||
|---|---|---|---|
| 003 | BD-DhUL | ||
| 005 | 20161020172227.0 | ||
| 008 | 161020b1981 ii ||||| |||| 00| 0 ben d | ||
| 040 | _cBD-DhUL | ||
| 082 |
_a891.441 _bKRS |
||
| 100 | _aধর, কৃষ্ণ | ||
| 245 |
_aশব্দহীন শোভাযাত্রা / _cকৃষ্ণ ধর |
||
| 260 |
_aকলকাতা : _bশৈব্যা পুস্তকালয়, _c১৯৮১ |
||
| 300 |
_a৬৪ পৃ. : _c২১ সে.মি. |
||
| 650 | _2বাংলা সাহিত্য -কবিতা | ||
| 650 | _aBengali literature - poetry | ||
| 942 |
_2ddc _cBK |
||
| 999 |
_c112639 _d112639 |
||